000 00970nas a2200313 4500
001 BR2016003569
003 BR-BrBNA
005 20231205130535.0
007 ta
008 230509b bl.|||p| |||| 00| 00por d
040 _aBR-BrBNA
_bpor
_cBiblioteca Nacional de Agricultura
041 _a(En)
072 _aF04; K10
100 1 _aPimentel, L.D.
100 1 _aBruckner, C.H.
100 1 _aManfio, C.E.
100 1 _aMotoike, S.Y.
100 1 _aMartinez, H.E.P.
245 1 _aSubstrate, lime, phosphorus and topdress fertilization in macaw palm seedling production
650 _aMACAÚBA
650 _aMUDA
650 _aSUBSTRATO DE CULTURA
650 _aFOSFATO
650 _aADUBAÇÃO
773 0 _tRevista Árvore (Brazil)
_xISSN 1806-9088
_g(Mar-Apr 2016), v. 40(2) p. 235-244
_wBR2016003569
856 4 0 _uhttp://www.scielo.br/pdf/rarv/v40n2/0100-6762-rarv-40-02-0235.pdf
909 _a202311
_bLúcia
_c55
_dLúcia Elande
942 _2AGRIS
_n0
_cANA
999 _c250019
_d250019